| 000 | 00755nam a2200241 i 4500 | ||
|---|---|---|---|
| 001 | 128488 | ||
| 003 | ES-MaACL | ||
| 005 | 20250719063313.0 | ||
| 007 | t| | ||
| 008 | 070514s1975 sp |||| | cat d | ||
| 020 | _a84-7202-227-7 | ||
| 080 | _a891.44-14"19" | ||
| 100 | 1 |
_aTagore, Rabindranath, _d1861-1941 _9109071 |
|
| 245 | 1 | 0 |
_aObra selecta de Tagore / _c[traducció de María de Quadras]. |
| 260 |
_aMontserrat, Barcelona : _bAbadía de Montserrat, _c[1975] |
||
| 300 |
_a259 p. ; _c19 cm. |
||
| 490 | 1 |
_aBiblioteca serra d'or ; _v1 |
|
| 700 | 1 |
_aQuadras, María de. _994477 |
|
| 710 | 2 |
_aAbadía de Montserrat. _91133 |
|
| 830 | 1 |
_aBiblioteca serra d'or ; _v1 _9178942 |
|
| 852 |
_aES-MaACL _jE-7355 |
||
| 999 |
_c128488 _d128488 |
||